Pakistan journal of terrorism research / (Record no. 534443)
[ view plain ]
| 000 -LEADER | |
|---|---|
| fixed length control field | 00365nam a22001097a 4500 |
| 082 ## - DEWEY DECIMAL CLASSIFICATION NUMBER | |
| Classification number | Vol- |
| 245 ## - TITLE STATEMENT | |
| Title | Pakistan journal of terrorism research / |
| Statement of responsibility, etc | Mehr Khaliq Dad Lak, National Coordinator NACTA |
| 260 ## - PUBLICATION, DISTRIBUTION, ETC. (IMPRINT) | |
| Place of publication, distribution, etc | Islamabad: |
| Name of publisher, distributor, etc | National Counter Terrorism Authority Pakistan, |
| 300 ## - PHYSICAL DESCRIPTION | |
| Dimensions | 24 cm. |
| 650 ## - SUBJECT ADDED ENTRY--TOPICAL TERM | |
| Topical term or geographic name as entry element | Terrorism - Journals, Peace - Journals, |
| 942 ## - ADDED ENTRY ELEMENTS (KOHA) | |
| Koha item type | Continuing Resources |
| Damaged status | Not for loan | Permanent Location | Current Location | Date acquired | Full call number | Barcode | Koha item type |
|---|---|---|---|---|---|---|---|
| Central Library (CL) | Central Library (CL) | 02/23/2020 | Vol-1, No-1 Jan 2019 | S-91059 | Continuing Resources |
